Percy Jackson and the Greek heroes / (Record no. 7834)
[ view plain ]
| 000 -LEADER | |
|---|---|
| fixed length control field | 01486nam a22002537a 4500 |
| 001 - CONTROL NUMBER | |
| control field | 7834 |
| 003 - CONTROL NUMBER IDENTIFIER | |
| control field | FISKH |
| 005 - DATE AND TIME OF LATEST TRANSACTION | |
| control field | 20250811150001.0 |
| 008 - FIXED-LENGTH DATA ELEMENTS--GENERAL INFORMATION | |
| fixed length control field | 250811b cb ||||| |||| 00| 0 eng d |
| 020 ## - INTERNATIONAL STANDARD BOOK NUMBER | |
| International Standard Book Number | 9780141362250 |
| 040 ## - CATALOGING SOURCE | |
| Original cataloging agency | FISKH |
| Language of cataloging | eng |
| Transcribing agency | FISKH |
| Modifying agency | FISKH |
| 050 ## - LIBRARY OF CONGRESS CALL NUMBER | |
| Classification number | BL783 .R56 |
| 082 ## - DEWEY DECIMAL CLASSIFICATION NUMBER | |
| Classification number | 813.6 |
| 100 ## - MAIN ENTRY--PERSONAL NAME | |
| Personal name | Riordan, Rick |
| 245 ## - TITLE STATEMENT | |
| Title | Percy Jackson and the Greek heroes / |
| Statement of responsibility, etc. | By Rick Riordan |
| 260 ## - PUBLICATION, DISTRIBUTION, ETC. | |
| Place of publication, distribution, etc. | London : |
| Name of publisher, distributor, etc. | Puffin Books , |
| Date of publication, distribution, etc. | 2015. |
| 300 ## - PHYSICAL DESCRIPTION | |
| Extent | 515 pages : |
| Other physical details | illustrations ; |
| Dimensions | 20 cm . |
| 490 ## - SERIES STATEMENT | |
| Series statement | Percy Jackson and the Olympians |
| 520 ## - SUMMARY, ETC. | |
| Summary, etc. | Fantasy. Juvenile Fiction. Juvenile Literature. Mythology. HTML:Who cut off Medusa�s head? Who was raised by a she-bear? Who tamed Pegasus? And whatever happened to that Golden Fleece?<br/>It takes a demigod to know the answers, and Percy Jackson can fill you in on all the daring deeds of Perseus, Atalanta, Bellerophon, and the rest of the major Greek heroes. Told in the funny, irreverent style listeners have come to expect from Percy (Ive had some bad experiences in my time, but the heroes Im going to tell you about were the original old-school hard-luck cases. They boldly screwed up where no one had screwed up before. . . .), this story collection will become the new must-have classic for Rick Riordans legions of devoted fansand for anyone who needs a hero.<br/> |
| 650 ## - SUBJECT ADDED ENTRY--TOPICAL TERM | |
| Topical term or geographic name entry element | Ancient Greece |
| Form subdivision | Fiction |
| 650 ## - SUBJECT ADDED ENTRY--TOPICAL TERM | |
| Topical term or geographic name entry element | Percy Jackson and the Olympians |
| Form subdivision | Fiction |
| 942 ## - ADDED ENTRY ELEMENTS (KOHA) | |
| Source of classification or shelving scheme | Dewey Decimal Classification |
| Koha item type | Books |
| Suppress in OPAC | No |
| Withdrawn status | Lost status | Source of classification or shelving scheme | Damaged status | Not for loan | Collection | Home library | Current library | Shelving location | Date acquired | Total Checkouts | Full call number | Barcode | Date due | Date last seen | Date last checked out | Price effective from | Koha item type |
|---|---|---|---|---|---|---|---|---|---|---|---|---|---|---|---|---|---|
| Dewey Decimal Classification | Fiction | Footprints International School Library Network Toul Tom Poung Campus | Footprints International School Library Network Toul Tom Poung Campus | TTP Secondary Fiction Bookshelves | 08/11/2025 | 3 | RIO 813.6 BL783 .R56 | FISBK073164 | 05/13/2026 | 04/29/2026 | 04/29/2026 | 08/11/2025 | Books |
